书目信息 |
| 题名: |
高等数学二
|
|
| 作者: | 李仲来 主编 | |
| 分册: | ||
| 出版信息: | 天津 南开大学出版社 2001.11 |
|
| 页数: | 234页 | |
| 开本: | 28cm | |
| 丛书名: | ||
| 单 册: | ||
| 中图分类: | O13 | |
| 科图分类: | ||
| 主题词: | 高等数学 | |
| 电子资源: | ||
| ISBN: | 7-310-01663-7 | |
| 000 | 00577 nam 000217 | |
| 001 | 012000000804 | |
| 005 | 20071016104827.82 | |
| 010 | @a7-310-01663-7@dCNY25.00 | |
| 100 | @a20070714d2001 em y0chiy0121 ea | |
| 101 | @achi | |
| 102 | @aCN@b120000 | |
| 105 | @ay z 000yy | |
| 200 | 10 | @a高等数学二@9gao deng shu xue er@f李仲来主编@Fli zhong lai zhu bian |
| 210 | @a天津@c南开大学出版社@d2001.11 | |
| 215 | @a234页@d28cm | |
| 606 | @a高等数学 | |
| 690 | @aO13@v4 | |
| 701 | 0 | @a李仲来@9li zhong lai@4主编 |
| 801 | @aCN@c20071016 | |
| 901 | @a000001 | |
| 905 | @dO13@eL340 | |
| 高等数学二/李仲来主编.-天津:南开大学出版社,2001.11 |
| 234页;28cm |
| ISBN 7-310-01663-7:CNY25.00 |
| ● |
| 相关链接 |
|
|
|
正题名:高等数学二
索取号:O13/L340
 
预约/预借
| 序号 | 登录号 | 条形码 | 馆藏地/架位号 | 状态 | 备注 |
| 1 | 642277 | 206422771 | 自科二线504/504自科库 43排2列2层/ [索取号:O13/L340] | 在馆 | |
| 2 | 642278 | 206422780 | 自科二线504/504自科库 43排2列2层/ [索取号:O13/L340] | 在馆 | |
| 3 | 642279 | 206422799 | 自科库401/401自科库 105排3列2层/ [索取号:O13/L340] | 在馆 | |
| 4 | 653071 | 206530716 | 自科二线504/504自科库 43排2列2层/ [索取号:O13/L340] | 在馆 | |
| 5 | 653072 | 206530725 | 自科库401/401自科库 106排7列2层/ [索取号:O13/L340] | 在馆 | |
| 6 | 653073 | 206530734 | 自科二线504/504自科库 43排2列2层/ [索取号:O13/L340] | 在馆 |